[Event "Titled Tuesday intern op 26th Sep Late"]
[Site "Chess.com INT"]
[Date "2023.09.26"]
[Round "3"]
[White "Sroczynski, Maciej"]
[Black "Kaganskiy, Gleb"]
[Result "1/2-1/2"]
[WhiteElo "2271"]
[BlackElo "2172"]
[PlyCount "103"]
[EventDate "2023.09.26"]
[EventType "swiss (blitz)"]
[EventRounds "11"]
[EventCountry "USA"]
[SourceTitle "EXT 2024"]
[Source "ChessBase"]
[SourceDate "2023.10.10"]
[SourceVersion "1"]
[SourceVersionDate "2023.10.10"]
[SourceQuality "1"]

1. Nf3 Nf6 2. g3 g6 3. Bg2 Bg7 4. 0-0 0-0 5. d3 d6 6. e4 e5 7. c3 c6 8. Re1 b5 9. h3 Nbd7 10. d4 Qc7 11. a4 bxa4 12. Qxa4 Re8 13. Nbd2 h5 14. Ng5 Bb7 15. Nc4 Nb6 16. Qa2 Nxc4 17. Qxc4 exd4 18. cxd4 d5 19. Qc3 Nxe4 20. Nxe4 dxe4 21. Bxe4 c5 22. Bf4 Qb6 23. Bxb7 Qxb7 24. Rxe8+ Rxe8 25. Qxc5 Qxb2 26. Rd1 Qe2 27. Qc1 a5 28. d5 h4 29. gxh4 Bb2 30. Qd2 Qxd2 31. Rxd2 Bc1 32. Rd4 Bxf4 33. Rxf4 Re1+ 34. Kg2 Rd1 35. Ra4 Rxd5 36. Kf3 Kg7 37. Kg4 Rb5 38. f4 Rb3 39. h5 gxh5+ 40. Kxh5 Rxh3+ 41. Kg4 Rb3 42. Rxa5 Rb6 43. Rg5+ Rg6 44. Kf5 Rxg5+ 45. fxg5 f6 46. g6 Kg8 47. Kxf6 Kf8 48. Kg5 Kg7 49. Kh5 Kg8 50. Kh6 Kh8 51. g7+ Kg8 52. Kg6 1/2-1/2

[Event "Titled Tuesday intern op 22nd Aug Early"]
[Site "Chess.com INT"]
[Date "2023.08.22"]
[Round "3"]
[White "Kaganskiy, Gleb"]
[Black "Janaszak, Dawid"]
[Result "1/2-1/2"]
[WhiteElo "2126"]
[BlackElo "2302"]
[PlyCount "155"]
[EventDate "2023.08.22"]
[EventType "swiss (blitz)"]
[EventRounds "11"]
[EventCountry "USA"]
[SourceTitle "EXT 2024"]
[Source "ChessBase"]
[SourceDate "2023.10.10"]
[SourceVersion "1"]
[SourceVersionDate "2023.10.10"]
[SourceQuality "1"]

1. e4 g6 2. d4 Bg7 3. Nc3 a6 4. Nf3 b5 5. Be3 Bb7 6. Bd3 d6 7. a4 b4 8. Ne2 Nf6 9. Ng3 0-0 10. 0-0 Nbd7 11. c3 bxc3 12. bxc3 e5 13. Qd2 Ng4 14. Bg5 f6 15. h3 Nxf2 16. Rxf2 fxg5 17. Nxg5 Rxf2 18. Kxf2 exd4 19. Bc4+ d5 20. exd5 Nb6 21. Ba2 Bxd5 22. Rd1 Bxa2 23. Qxa2+ Qd5 24. Qxd5+ Nxd5 25. cxd4 Nc3 26. Rd3 Nxa4 27. Ne6 c6 28. Nxg7 Kxg7 29. d5 cxd5 30. Rxd5 Rf8+ 31. Ke3 Nb6 32. Rc5 a5 33. Ne4 a4 34. Nc3 a3 35. Rc6 Rf6 36. Rc7+ Rf7 37. Rc6 Rb7 38. Kd4 Nd7 39. Ra6 Rb2 40. Ra7 Rd2+ 41. Ke3 Rd6 42. Rxa3 Nf6 43. Ra7+ Kh6 44. Ne2 Kg5 45. Kf3 h5 46. g3 Rd3+ 47. Kg2 Ne4 48. Ra5+ Kh6 49. Ra2 Re3 50. Rb2 Kh7 51. Ra2 Kg7 52. Rb2 Rd3 53. Ra2 Nd2 54. Rb2 Nc4 55. Ra2 Ne3+ 56. Kf2 Nf5 57. Kg2 h4 58. gxh4 Nxh4+ 59. Kh2 Nf3+ 60. Kg2 Ne5 61. Kh2 Kf6 62. Kg2 Kf5 63. Ra5 g5 64. Rb5 Re3 65. Kf2 Rd3 66. Ra5 Kf6 67. Ra6+ Kg7 68. Ra5 Nf7 69. Ra6 Rxh3 70. Kg2 Rb3 71. Ng3 Nh6 72. Nh5+ Kh7 73. Nf6+ Kg6 74. Ne4+ Kg7 75. Nxg5 Rb2+ 76. Kf1 Ng4 77. Nh3 Ne3+ 78. Kg1 1/2-1/2

[Event "Titled Tuesday intern op 22nd Aug Early"]
[Site "Chess.com INT"]
[Date "2023.08.22"]
[Round "6"]
[White "Kaganskiy, Gleb"]
[Black "Seletsky, Grigory"]
[Result "0-1"]
[WhiteElo "2126"]
[BlackElo "2220"]
[PlyCount "62"]
[EventDate "2023.08.22"]
[EventType "swiss (blitz)"]
[EventRounds "11"]
[EventCountry "USA"]
[SourceTitle "EXT 2024"]
[Source "ChessBase"]
[SourceDate "2023.10.10"]
[SourceVersion "1"]
[SourceVersionDate "2023.10.10"]
[SourceQuality "1"]

1. e4 c5 2. Nf3 d6 3. Nc3 a6 4. d4 cxd4 5. Nxd4 Nf6 6. Bg5 e6 7. f4 Nbd7 8. Be2 Qb6 9. Nb3 Be7 10. Qd2 h6 11. Bh4 Qc7 12. 0-0-0 b5 13. Bf3 Bb7 14. Rhe1 Rd8 15. Nd4 0-0 16. g4 Nxe4 17. Nxe4 Bxh4 18. Rg1 Bxe4 19. Bxe4 d5 20. Bd3 Nc5 21. g5 Nxd3+ 22. Qxd3 Qxf4+ 23. Kb1 hxg5 24. Nc6 Rd7 25. Rdf1 Qc4 26. Ne5 Qxd3 27. cxd3 Rc7 28. Rc1 Rfc8 29. Rxc7 Rxc7 30. Rc1 Rxc1+ 31. Kxc1 Bf2 0-1

[Event "Arad op 16th"]
[Site "Arad"]
[Date "2023.08.10"]
[Round "6"]
[White "Kaganskiy, Gleb"]
[Black "Prraneeth, Vuppala"]
[Result "1/2-1/2"]
[WhiteElo "2126"]
[BlackElo "2485"]
[PlyCount "75"]
[EventDate "2023.08.07"]
[EventType "swiss"]
[EventRounds "9"]
[EventCountry "ROU"]
[SourceTitle "EXT 2024"]
[Source "ChessBase"]
[SourceDate "2023.10.10"]
[SourceVersion "1"]
[SourceVersionDate "2023.10.10"]
[SourceQuality "1"]

1. e4 c5 2. Nf3 d6 3. Nc3 Nf6 4. e5 dxe5 5. Nxe5 a6 6. Be2 Nbd7 7. d4 e6 8. Nxd7 Bxd7 9. Bf3 Qc7 10. Be3 Rd8 11. Qe2 Bd6 12. dxc5 Be5 13. Rd1 0-0 14. Bd4 Bxd4 15. Rxd4 e5 16. Rh4 Qxc5 17. 0-0 b5 18. Re1 Rfe8 19. a3 Bf5 20. Rb4 h6 21. Ne4 Nxe4 22. Bxe4 Bd7 23. Rb3 Be6 24. Rc3 Qd4 25. Bc6 Rf8 26. Bf3 f6 27. Rd1 Qf4 28. g3 Qf5 29. Rxd8 Rxd8 30. Rd3 Rxd3 31. Qxd3 Qxd3 32. cxd3 Bf5 33. Be4 Bxe4 34. dxe4 h5 35. b4 Kf7 36. f3 g5 37. Kf2 Ke6 38. g4 1/2-1/2

[Event "Arad op 16th"]
[Site "Arad"]
[Date "2023.08.08"]
[Round "2"]
[White "Kaganskiy, Gleb"]
[Black "Pijpers, Arthur"]
[Result "1/2-1/2"]
[WhiteElo "2126"]
[BlackElo "2442"]
[PlyCount "84"]
[EventDate "2023.08.07"]
[EventType "swiss"]
[EventRounds "9"]
[EventCountry "ROU"]
[SourceTitle "EXT 2024"]
[Source "ChessBase"]
[SourceDate "2023.10.10"]
[SourceVersion "1"]
[SourceVersionDate "2023.10.10"]
[SourceQuality "1"]

1. Nf3 g6 2. c4 Bg7 3. g3 c6 4. Bg2 d5 5. cxd5 cxd5 6. d4 Nf6 7. Nc3 0-0 8. Ne5 Nc6 9. 0-0 Bf5 10. Bf4 h5 11. e3 Ne4 12. Nxc6 bxc6 13. Nxe4 Bxe4 14. Bxe4 dxe4 15. Qc2 Qd5 16. Rfc1 Rac8 17. Qc5 Qd7 18. Rc4 f6 19. h4 Rf7 20. Rac1 Qg4 21. Ra4 g5 22. hxg5 h4 23. g6 Qxg6 24. Ra5 e5 25. dxe5 fxe5 26. Bxe5 Rcf8 27. Bxg7 hxg3 28. Qg5 Rxg7 29. Qxg6 Rxg6 30. fxg3 Rf3 31. Rc3 Rfxg3+ 32. Kh2 Rg2+ 33. Kh1 Rg1+ 34. Kh2 R1g2+ 35. Kh1 Rxb2 36. Rb3 Rxb3 37. axb3 Kf7 38. Rxa7+ Ke6 39. Ra4 Kf5 40. Kh2 Rg8 41. Rc4 Rb8 42. b4 Ke5 1/2-1/2

[Event "Titled Tuesday intern op 25th Jul Late"]
[Site "Chess.com INT"]
[Date "2023.07.25"]
[Round "3"]
[White "Kaganskiy, Gleb"]
[Black "Suder, Jakub"]
[Result "1-0"]
[WhiteElo "2126"]
[BlackElo "2264"]
[PlyCount "43"]
[EventDate "2023.07.25"]
[EventType "swiss (blitz)"]
[EventRounds "11"]
[EventCountry "USA"]
[SourceTitle "EXT 2024"]
[Source "ChessBase"]
[SourceDate "2023.10.10"]
[SourceVersion "1"]
[SourceVersionDate "2023.10.10"]
[SourceQuality "1"]

1. e4 c5 2. Nc3 e6 3. f4 d5 4. Nf3 Nc6 5. Bb5 Nge7 6. 0-0 a6 7. Bxc6+ Nxc6 8. exd5 exd5 9. d4 cxd4 10. Nxd4 Bc5 11. Re1+ Be6 12. f5 Nxd4 13. fxe6 Nxe6+ 14. Kh1 0-0 15. Qxd5 Qh4 16. Be3 Rad8 17. Qxb7 Bxe3 18. Rxe3 Rd2 19. Rf1 Rxc2 20. Nd5 Qd4 21. Rxe6 Qg4 22. Qxf7+ 1-0

[Event "Titled Tuesday intern op 25th Jul Late"]
[Site "Chess.com INT"]
[Date "2023.07.25"]
[Round "2"]
[White "Ljubarov, Mark"]
[Black "Kaganskiy, Gleb"]
[Result "0-1"]
[WhiteElo "2305"]
[BlackElo "2126"]
[PlyCount "74"]
[EventDate "2023.07.25"]
[EventType "swiss (blitz)"]
[EventRounds "11"]
[EventCountry "USA"]
[SourceTitle "EXT 2024"]
[Source "ChessBase"]
[SourceDate "2023.10.10"]
[SourceVersion "1"]
[SourceVersionDate "2023.10.10"]
[SourceQuality "1"]

1. d4 d5 2. c4 e6 3. Nf3 Nf6 4. g3 Be7 5. Bg2 0-0 6. 0-0 dxc4 7. Ne5 Nc6 8. Nxc6 bxc6 9. Bxc6 Rb8 10. Nc3 Bb7 11. Bxb7 Rxb7 12. e4 c5 13. d5 exd5 14. exd5 Ne8 15. Qe2 Nd6 16. Bf4 Qb6 17. Rab1 Qb4 18. Rfe1 Nf5 19. Qe5 Nd4 20. Kg2 Bf6 21. Qd6 Nf5 22. Qc6 Rb6 23. Qd7 g6 24. a3 Qb3 25. Ne4 Bg7 26. Nxc5 Qc2 27. Rec1 Qe2 28. Na4 Rb3 29. Qc6 Qf3+ 30. Kg1 Bd4 31. Rc2 Nh4 32. gxh4 Qxf4 33. Qxc4 Qg4+ 34. Kf1 Qh3+ 35. Ke1 Re8+ 36. Re2 Rxe2+ 37. Qxe2 Qxh2 0-1

[Event "Titled Tuesday intern op 06th Jun Late"]
[Site "Chess.com INT"]
[Date "2023.06.06"]
[Round "4"]
[White "Kaganskiy, Gleb"]
[Black "Fieberg, Samuel"]
[Result "0-1"]
[WhiteElo "2196"]
[BlackElo "2157"]
[PlyCount "94"]
[EventDate "2023.06.06"]
[EventType "swiss (blitz)"]
[EventRounds "11"]
[EventCountry "USA"]
[SourceTitle "EXT 2024"]
[Source "ChessBase"]
[SourceDate "2023.10.10"]
[SourceVersion "1"]
[SourceVersionDate "2023.10.10"]
[SourceQuality "1"]

1. e4 e6 2. d4 d5 3. Nd2 c5 4. exd5 Qxd5 5. Ngf3 cxd4 6. Bc4 Qd6 7. 0-0 Nf6 8. Nb3 Nc6 9. Nbxd4 Nxd4 10. Qxd4 Qxd4 11. Nxd4 Be7 12. Be2 Bd7 13. Bf3 0-0-0 14. a4 e5 15. Nb5 a6 16. Nc3 Bb4 17. Be3 Bxc3 18. bxc3 Bc6 19. Bxc6 bxc6 20. Rfb1 Nd5 21. Bc5 Nxc3 22. Rb6 Kc7 23. Rxa6 Ra8 24. Bb6+ Kb7 25. Rxa8 Rxa8 26. a5 Nd5 27. Bc5 Ka6 28. c4 Nc3 29. f3 Rd8 30. Ra3 Ne2+ 31. Kf2 Nf4 32. Be3 Ne6 33. Rb3 Rd7 34. Rb6+ Kxa5 35. Rxc6 Kb4 36. Rc8 f5 37. Rb8+ Kxc4 38. g3 f4 39. gxf4 exf4 40. Bb6 Rd2+ 41. Kg1 Ng5 42. Rc8+ Kb5 43. Rc4 Nxf3+ 44. Kf1 Nxh2+ 45. Ke1 Nf3+ 46. Kf1 Kxc4 47. Bf2 g5 0-1

[Event "Titled Tuesday intern op 06th Jun Late"]
[Site "Chess.com INT"]
[Date "2023.06.06"]
[Round "3"]
[White "Morales Garcia, Sergio Joshafatt"]
[Black "Kaganskiy, Gleb"]
[Result "0-1"]
[WhiteElo "2221"]
[BlackElo "2196"]
[PlyCount "106"]
[EventDate "2023.06.06"]
[EventType "swiss (blitz)"]
[EventRounds "11"]
[EventCountry "USA"]
[SourceTitle "EXT 2024"]
[Source "ChessBase"]
[SourceDate "2023.10.10"]
[SourceVersion "1"]
[SourceVersionDate "2023.10.10"]
[SourceQuality "1"]

1. e4 e6 2. d3 d5 3. Qe2 dxe4 4. dxe4 Nc6 5. c3 e5 6. Nf3 a5 7. g3 Bc5 8. Bg2 Nf6 9. 0-0 0-0 10. Nbd2 a4 11. Nc4 Re8 12. Bd2 b6 13. b4 axb3 14. axb3 Rxa1 15. Rxa1 b5 16. Nb2 b4 17. Nc4 bxc3 18. Bxc3 Nd4 19. Bxd4 Bxd4 20. Nxd4 exd4 21. Qd3 Be6 22. Ne5 c5 23. f4 Qb6 24. Rb1 Rb8 25. Nc4 Bxc4 26. Qxc4 Ng4 27. Rc1 g6 28. Bh3 Ne3 29. Qxc5 Qxc5 30. Rxc5 Rxb3 31. e5 d3 32. Rc8+ Kg7 33. Rd8 h5 34. Kf2 Ng4+ 35. Bxg4 hxg4 36. Ke3 Rb2 37. Kxd3 Rxh2 38. Rd7 Kf8 39. Ke4 Rg2 40. Rd3 Ke7 41. Ra3 Ke6 42. Ra6+ Ke7 43. Ra7+ Ke6 44. Ra6+ Ke7 45. Ra3 Ke6 46. Rb3 Rg1 47. Rb6+ Ke7 48. Rb7+ Ke6 49. Rb6+ Ke7 50. Rb4 Rxg3 51. Kd5 Rd3+ 52. Ke4 Rd1 53. Rb7+ Rd7 0-1

[Event "Titled Tuesday intern op 30th May Late"]
[Site "Chess.com INT"]
[Date "2023.05.30"]
[Round "3"]
[White "Kaganskiy, Gleb"]
[Black "Phillips, Rene"]
[Result "1-0"]
[WhiteElo "2205"]
[BlackElo "1852"]
[PlyCount "101"]
[EventDate "2023.05.30"]
[EventType "swiss (blitz)"]
[EventRounds "11"]
[EventCountry "USA"]
[SourceTitle "CBM 214 Extra"]
[Source "ChessBase"]
[SourceDate "2023.07.31"]
[SourceVersion "1"]
[SourceVersionDate "2023.07.31"]
[SourceQuality "1"]

1. e4 Nc6 2. Nf3 d5 3. exd5 Qxd5 4. d4 Bg4 5. Be2 0-0-0 6. Be3 Nf6 7. h3 Bh5 8. 0-0 e5 9. c4 Qa5 10. d5 e4 11. Ng5 Bg6 12. Qb3 Ne5 13. h4 h6 14. Nh3 Qb4 15. Nf4 Bf5 16. Nc3 Qxb3 17. axb3 a6 18. Bd4 Ng6 19. Nxg6 Bxg6 20. Bxf6 gxf6 21. Nd1 Bc5 22. Ne3 f5 23. h5 Bh7 24. g3 Rhg8 25. Kh2 Bd4 26. Rab1 Be5 27. Ng2 Bh8 28. Nf4 Be5 29. Rg1 Rg5 30. b4 Rdg8 31. b3 Bd4 32. Rg2 Bc3 33. b5 axb5 34. c5 c6 35. d6 Bd4 36. b4 Be5 37. Rd1 Bxf4 38. d7+ Kd8 39. Rgg1 Bc7 40. Ra1 Ke7 41. Rgd1 Rd8 42. Ra7 f4 43. Rxb7 fxg3+ 44. fxg3 Bxg3+ 45. Kh3 Bf2 46. Bg4 Rd5 47. Rxd5 cxd5 48. c6 f5 49. c7 Rxd7 50. c8Q fxg4+ 51. Kxg4 1-0

[Event "Titled Tuesday intern op 30th May Early"]
[Site "Chess.com INT"]
[Date "2023.05.30"]
[Round "2"]
[White "Kochiev, Ivan"]
[Black "Kaganskiy, Gleb"]
[Result "1-0"]
[WhiteElo "2053"]
[BlackElo "2205"]
[PlyCount "43"]
[EventDate "2023.05.30"]
[EventType "swiss (blitz)"]
[EventRounds "11"]
[EventCountry "USA"]
[SourceTitle "CBM 214 Extra"]
[Source "ChessBase"]
[SourceDate "2023.07.31"]
[SourceVersion "1"]
[SourceVersionDate "2023.07.31"]
[SourceQuality "1"]

1. e4 e6 2. d4 d5 3. Nd2 c5 4. exd5 Qxd5 5. Ngf3 cxd4 6. Bc4 Qd6 7. 0-0 Nf6 8. Nb3 Nc6 9. Nbxd4 Nxd4 10. Nxd4 Be7 11. c3 0-0 12. Qf3 Qc7 13. Bd3 Bd7 14. Re1 Bc6 15. Qh3 Rad8 16. Bg5 g6 17. Re3 e5 18. Nf5 gxf5 19. Bxf5 Qd6 20. Bxf6 Qd1+ 21. Re1 Bxf6 22. Qxh7# 1-0

[Event "Titled Tuesday intern op 23rd May Late"]
[Site "Chess.com INT"]
[Date "2023.05.23"]
[Round "3"]
[White "Kaganskiy, Gleb"]
[Black "Osiecki, Stanislaw"]
[Result "1/2-1/2"]
[WhiteElo "2205"]
[BlackElo "2055"]
[PlyCount "131"]
[EventDate "2023.05.23"]
[EventType "swiss (blitz)"]
[EventRounds "11"]
[EventCountry "USA"]
[SourceTitle "EXT 2024"]
[Source "ChessBase"]
[SourceDate "2023.10.10"]
[SourceVersion "1"]
[SourceVersionDate "2023.10.10"]
[SourceQuality "1"]

1. Nf3 Nf6 2. b3 g6 3. Bb2 Bg7 4. e3 d6 5. Be2 e5 6. d4 e4 7. Nfd2 0-0 8. c4 h5 9. Nc3 Bf5 10. h3 c6 11. g4 hxg4 12. hxg4 Bd7 13. Ndxe4 Nxe4 14. Nxe4 Qe7 15. Qc2 d5 16. Nc5 b6 17. Nxd7 Nxd7 18. 0-0-0 Nf6 19. Bf3 Ne4 20. Bxe4 dxe4 21. d5 cxd5 22. Rxd5 Rad8 23. Rhd1 Rxd5 24. Rxd5 Bxb2+ 25. Qxb2 Qh4 26. g5 Qh1+ 27. Rd1 Qg2 28. Qf6 Re8 29. Rd7 Qf1+ 30. Kd2 Rf8 31. Rd8 Qb1 32. Rxf8+ Kxf8 33. Qd8+ Kg7 34. Qd4+ Kg8 35. Kc3 Qa1+ 36. Kb4 Qxa2 37. Kb5 Qa5+ 38. Kc6 Qxg5 39. Qxe4 Qf6+ 40. Kb7 Qxf2 41. Kxa7 Qa2+ 42. Kxb6 Qxb3+ 43. Kc5 Qa3+ 44. Kd4 Qb2+ 45. Kd5 Qb7+ 46. Ke5 Qc7+ 47. Kd4 Qa7+ 48. c5 Qa4+ 49. Ke5 Qe8+ 50. Kf4 Qb8+ 51. Qe5 Qb4+ 52. e4 Qd2+ 53. Kf3 Qd3+ 54. Kf2 Qd2+ 55. Kf3 Qd3+ 56. Kg4 Qe2+ 57. Kg5 Qh5+ 58. Kf6 Qh4+ 59. Qg5 Qxe4 60. Qe5 Qh4+ 61. Qg5 Qd4+ 62. Qe5 Qd8+ 63. Qe7 Qd4+ 64. Qe5 Qd8+ 65. Qe7 Qd4+ 66. Qe5 1/2-1/2

[Event "Titled Tuesday intern op 23rd May Late"]
[Site "Chess.com INT"]
[Date "2023.05.23"]
[Round "4"]
[White "Quirke, Jeffrey"]
[Black "Kaganskiy, Gleb"]
[Result "0-1"]
[WhiteElo "2007"]
[BlackElo "2205"]
[PlyCount "48"]
[EventDate "2023.05.23"]
[EventType "swiss (blitz)"]
[EventRounds "11"]
[EventCountry "USA"]
[SourceTitle "EXT 2024"]
[Source "ChessBase"]
[SourceDate "2023.10.10"]
[SourceVersion "1"]
[SourceVersionDate "2023.10.10"]
[SourceQuality "1"]

1. e4 c5 2. Nc3 Nc6 3. f4 g6 4. Nf3 Bg7 5. a4 e6 6. e5 Nge7 7. Bb5 0-0 8. Ne4 b6 9. d4 cxd4 10. Nxd4 Bb7 11. Nxc6 dxc6 12. Bd3 c5 13. 0-0 c4 14. Nd6 cxd3 15. Nxb7 Qc7 16. Nd6 dxc2 17. Qd3 Nf5 18. Nxf5 exf5 19. Rf2 Rac8 20. Be3 Rfd8 21. Qc3 Qxc3 22. bxc3 Rxc3 23. Bc1 Rd1+ 24. Rf1 Bf8 0-1

[Event "Titled Tuesday intern op 16th May Late"]
[Site "Chess.com INT"]
[Date "2023.05.16"]
[Round "4"]
[White "Aggelis, Nikolaos"]
[Black "Kaganskiy, Gleb"]
[Result "1/2-1/2"]
[WhiteElo "2270"]
[BlackElo "2205"]
[PlyCount "84"]
[EventDate "2023.05.16"]
[EventType "swiss (blitz)"]
[EventRounds "11"]
[EventCountry "USA"]
[SourceTitle "CBM 214 Extra"]
[Source "ChessBase"]
[SourceDate "2023.07.31"]
[SourceVersion "1"]
[SourceVersionDate "2023.07.31"]
[SourceQuality "1"]

1. f4 d5 2. e3 g6 3. d4 Bg7 4. Nf3 c5 5. c3 Nf6 6. Be2 0-0 7. 0-0 b6 8. Ng5 Ba6 9. b3 Bxe2 10. Qxe2 Nbd7 11. Ba3 h6 12. Nf3 Ne4 13. Bb2 Qc7 14. Nbd2 Ndf6 15. Rac1 Rac8 16. Ne5 Nxd2 17. Qxd2 Ne4 18. Qd3 Bxe5 19. fxe5 c4 20. Qc2 b5 21. Rf4 e6 22. b4 a5 23. Ba3 a4 24. Bb2 Qe7 25. Rcf1 Kg7 26. Bc1 f6 27. Rxe4 dxe4 28. Qxe4 fxe5 29. Qxe5+ Kh7 30. Rf3 Rxf3 31. gxf3 Rf8 32. Kg2 Qg5+ 33. Qxg5 hxg5 34. e4 g4 35. fxg4 Kg7 36. Be3 Kf7 37. a3 Ke8 38. h3 Rf7 39. Bf2 Kd7 40. Be3 Ke8 41. Bf2 Rf4 42. Be3 Rf7 1/2-1/2

[Event "Paphos op 1st"]
[Site "Paphos"]
[Date "2023.04.10"]
[Round "5"]
[White "Alexiadis, Hristos"]
[Black "Kaganskiy, Gleb"]
[Result "1/2-1/2"]
[WhiteElo "2335"]
[BlackElo "2172"]
[PlyCount "109"]
[EventDate "2023.04.07"]
[EventType "swiss"]
[EventRounds "9"]
[EventCountry "CYP"]
[SourceTitle "CBM 213 Extra"]
[Source "ChessBase"]
[SourceDate "2023.05.31"]
[SourceVersion "1"]
[SourceVersionDate "2023.05.31"]
[SourceQuality "1"]

1. Nf3 d5 2. d4 e6 3. c4 c6 4. Nbd2 f5 5. g3 Nd7 6. Bg2 Nh6 7. 0-0 Nf7 8. b3 g5 9. a4 g4 10. Ne1 h5 11. Nd3 h4 12. Re1 hxg3 13. fxg3 Qf6 14. e3 Ng5 15. Ba3 Bxa3 16. Rxa3 Qh6 17. Nf1 Nf6 18. cxd5 exd5 19. b4 Nfe4 20. b5 Qd6 21. Rb3 Nh3+ 22. Bxh3 Rxh3 23. Nf2 Nxf2 24. Kxf2 Bd7 25. Kg1 Kf7 26. Re2 Rah8 27. Rf2 Kg6 28. bxc6 Bxc6 29. e4 dxe4 30. Ne3 Qxg3+ 31. Rg2 Qxh2+ 32. Rxh2 Rxh2 33. Nf1 Rh1+ 34. Kf2 R8h2+ 35. Kg3 Bxa4 36. Rb6+ axb6 37. Qxa4 f4+ 38. Kxf4 Rxf1+ 39. Kg3 Rh3+ 40. Kxg4 Rh8 41. Qd7 Rg8 42. Kh3 Rf6 43. Qg4+ Kf7 44. Qd7+ Kf8 45. Qd8+ Kg7 46. Qe7+ Rf7 47. Qe5+ Kf8 48. Qb8+ Kg7 49. Qe5+ Rf6 50. Qe7+ Kg6 51. Qxe4+ Kh6 52. Qe3+ Kg6 53. Qe4+ Kg7 54. Qe7+ Kg6 55. Qe4+ 1/2-1/2

[Event "Titled Tuesday intern op 21st Mar Late"]
[Site "Chess.com INT"]
[Date "2023.03.21"]
[Round "2"]
[White "Jaracz, Pawel"]
[Black "Kaganskiy, Gleb"]
[Result "1/2-1/2"]
[WhiteElo "2465"]
[BlackElo "2183"]
[PlyCount "223"]
[EventDate "2023.03.21"]
[EventType "swiss (blitz)"]
[EventRounds "11"]
[EventCountry "USA"]
[SourceTitle "EXT 2024"]
[Source "ChessBase"]
[SourceDate "2023.10.10"]
[SourceVersion "1"]
[SourceVersionDate "2023.10.10"]
[SourceQuality "1"]

1. d4 Nf6 2. Nf3 d5 3. Bf4 c5 4. e3 Nc6 5. c3 Qb6 6. Qc1 cxd4 7. exd4 Bf5 8. Nbd2 e6 9. Be2 Qd8 10. Nh4 Bg6 11. 0-0 Bd6 12. Bg3 Rc8 13. Qd1 a6 14. a4 Ne4 15. Nxe4 Bxe4 16. f3 Bxg3 17. hxg3 Bg6 18. b4 Ne7 19. Qd2 Qc7 20. Kf2 Qxc3 21. Qxc3 Rxc3 22. Rfc1 Rxc1 23. Rxc1 Kd7 24. b5 a5 25. b6 Rc8 26. Bb5+ Kd8 27. Rc5 Bc2 28. f4 Be4 29. g4 h6 30. g3 g5 31. Nf3 Bxf3 32. Kxf3 Nc6 33. Bxc6 Rxc6 34. Rb5 Rc4 35. Rxa5 Rxd4 36. Ra8+ Kd7 37. Rf8 Kc6 38. a5 Ra4 39. Rc8+ Kb5 40. Rc7 Ka6 41. Rxf7 Rxa5 42. Rf6 d4 43. Rxh6 Rd5 44. Rxe6 d3 45. Re1 d2 46. Rd1 Kxb6 47. Ke4 Rd8 48. fxg5 Kc6 49. g6 b5 50. g7 b4 51. Rxd2 Rg8 52. Rc2+ Kd6 53. Rd2+ Ke6 54. Ra2 Rxg7 55. Ra6+ Kf7 56. Kf5 Kg8 57. Rb6 Rf7+ 58. Kg5 Rf8 59. Kg6 Re8 60. Rxb4 Rd8 61. g5 Rc8 62. Kh5 Rd8 63. g4 Rc8 64. g6 Rd8 65. Rb7 Rc8 66. Kg5 Rd8 67. Kf6 Rc8 68. Rd7 Rc6+ 69. Kg5 Rc8 70. Kh6 Rb8 71. Rg7+ Kh8 72. Rf7 Kg8 73. Kg5 Rb5+ 74. Rf5 Rb8 75. Kf6 Rb6+ 76. Kg5 Rb8 77. Rd5 Ra8 78. Kf5 Rb8 79. Rd6 Ra8 80. Kf6 Rb8 81. g5 Ra8 82. Ke7 Ra7+ 83. Rd7 Ra8 84. Kf6 Rb8 85. g7 Rb6+ 86. Kf5 Rb5+ 87. Kg4 Rb8 88. Kh5 Ra8 89. Kh6 Ra6+ 90. Kh5 Ra8 91. Kg6 Ra6+ 92. Kf5 Ra8 93. Re7 Ra5+ 94. Kf6 Ra6+ 95. Kf5 Ra5+ 96. Kg6 Ra6+ 97. Kh5 Ra8 98. Rb7 Rc8 99. Kh6 Rc6+ 100. Kh5 Rc8 101. Kg6 Rc6+ 102. Kf5 Rc8 103. Re7 Rc5+ 104. Kf6 Rc6+ 105. Re6 Rxe6+ 106. Kxe6 Kxg7 107. Kf5 Kf7 108. g6+ Kg7 109. Kg5 Kg8 110. Kf6 Kf8 111. g7+ Kg8 112. Kg6 1/2-1/2

[Event "Titled Tuesday intern op 7th Mar Late"]
[Site "Chess.com INT"]
[Date "2023.03.07"]
[Round "2"]
[White "Atanasov, Anthony"]
[Black "Kaganskiy, Gleb"]
[Result "0-1"]
[WhiteElo "2361"]
[BlackElo "2183"]
[PlyCount "208"]
[EventDate "2023.03.07"]
[EventType "swiss (blitz)"]
[EventRounds "11"]
[EventCountry "USA"]
[SourceTitle "EXT 2024"]
[Source "ChessBase"]
[SourceDate "2023.10.10"]
[SourceVersion "1"]
[SourceVersionDate "2023.10.10"]
[SourceQuality "1"]

1. d4 Nf6 2. Nf3 d5 3. Bf4 c5 4. e3 Nc6 5. Nbd2 cxd4 6. exd4 Bg4 7. c3 e6 8. Qb3 Qc8 9. Nh4 Be7 10. h3 Bh5 11. g4 Bg6 12. Nxg6 hxg6 13. Be2 Qd7 14. Rb1 a6 15. a4 Na5 16. Qc2 Bd6 17. Be5 Nc6 18. f4 Qe7 19. Qd3 Rh7 20. Bf3 Nd7 21. Bg2 Kf8 22. Nf3 Rh6 23. 0-0 Kg8 24. Rbe1 Na5 25. Bxd6 Qxd6 26. Ne5 Nxe5 27. fxe5 Qe7 28. Rf2 Nc4 29. Ref1 Rf8 30. b3 Nb6 31. c4 dxc4 32. bxc4 Nxa4 33. Qb3 Qd7 34. Qxb7 Qxb7 35. Bxb7 Rxh3 36. Bxa6 Rg3+ 37. Rg2 Rd3 38. Ra2 Nc3 39. Rc2 Ne4 40. Bb7 Rxd4 41. Bxe4 Rxe4 42. c5 Rc8 43. c6 Rxe5 44. c7 Kf8 45. Rb1 Ke7 46. Rb8 Kd7 47. Rb7 Rd5 48. Kg2 f6 49. Ra7 e5 50. Kf3 Rd4 51. g5 f5 52. Ra6 Rd3+ 53. Ke2 Rd6 54. Ra5 Rxc7 55. Rxc7+ Kxc7 56. Rxe5 Kd7 57. Kf3 Re6 58. Rd5+ Ke7 59. Rd4 Re5 60. Ra4 Rd5 61. Ra7+ Rd7 62. Ra6 Rd6 63. Ra7+ Ke6 64. Rxg7 Ke5 65. Re7+ Kd5 66. Kf4 Re6 67. Rd7+ Rd6 68. Rf7 Re6 69. Rf8 Re4+ 70. Kf3 Rg4 71. Rd8+ Ke6 72. Ra8 Rxg5 73. Ra6+ Kf7 74. Ra7+ Kg8 75. Kf4 Rg4+ 76. Ke5 Rg1 77. Kf6 Kh8 78. Rb7 f4 79. Kf7 f3 80. Rb2 Rh1 81. Rf2 Rh3 82. Kxg6 Kg8 83. Kf6 Kf8 84. Rf1 Ke8 85. Rd1 Rh6+ 86. Kg7 Rc6 87. Rf1 Rc3 88. Kf6 Kd7 89. Ke5 Kc6 90. Kd4 Ra3 91. Kc4 Kb6 92. Kb4 Re3 93. Rf2 Kc6 94. Kc4 Kd6 95. Kd4 Ra3 96. Ke4 Ke6 97. Kd4 Kf5 98. Rf1 Kg4 99. Rg1+ Kf4 100. Rf1 Kg3 101. Ke4 f2 102. Rb1 Kg2 103. Rb2 Kg1 104. Rb1+ f1Q 0-1

[Event "Titled Tuesday intern op 7th Mar Late"]
[Site "Chess.com INT"]
[Date "2023.03.07"]
[Round "7"]
[White "Hernandez Gonzalez, William"]
[Black "Kaganskiy, Gleb"]
[Result "1-0"]
[WhiteElo "2489"]
[BlackElo "2183"]
[PlyCount "67"]
[EventDate "2023.03.07"]
[EventType "swiss (blitz)"]
[EventRounds "11"]
[EventCountry "USA"]
[SourceTitle "EXT 2024"]
[Source "ChessBase"]
[SourceDate "2023.10.10"]
[SourceVersion "1"]
[SourceVersionDate "2023.10.10"]
[SourceQuality "1"]

1. e4 e6 2. d4 d5 3. Nc3 Bb4 4. e5 c5 5. a3 Bxc3+ 6. bxc3 Ne7 7. Nf3 Qa5 8. Bd2 Qa4 9. h4 c4 10. h5 h6 11. Rh4 Nbc6 12. g4 Bd7 13. g5 0-0-0 14. Rf4 Nf5 15. gxh6 gxh6 16. Nh4 Nxh4 17. Rxh4 Ne7 18. Bh3 Rdg8 19. Rg4 Nf5 20. Rxg8+ Rxg8 21. Kf1 f6 22. exf6 Rf8 23. Bxf5 exf5 24. Bxh6 Rxf6 25. Bg7 Qc6 26. Bxf6 Qxf6 27. Qf3 Qh4 28. Ke2 Be6 29. Rh1 Qe7 30. Kd2 Qxa3 31. Qf4 Qe7 32. h6 Qh7 33. Qe5 Bd7 34. Qg7 1-0